| 000 | 00697nam a2200217 a 4500 | ||
|---|---|---|---|
| 999 |
_c3449 _d3449 |
||
| 001 | 3449 | ||
| 003 | BD-JhCC | ||
| 005 | 20171114123754.0 | ||
| 008 | 171113s1985 bg |||| ||a| 000 0 ben d | ||
| 035 | _a(BD-JhCC)3449 | ||
| 040 |
_aBD-JhCC _dBD-JhCC |
||
| 041 | _aben | ||
| 082 |
_a891.443 _bCHO 1985 |
||
| 100 | _aচৌধুরী, রামপদ | ||
| 245 |
_aউপন্যাস সমগ্র ১ / _cরামপদ চৌধুরী |
||
| 260 |
_aকলিকাতা : _bআনন্দ পাবলিশার্স প্রাইভেট লিমিটেড, _c1985. |
||
| 300 |
_a438 p. : _c21 cm. |
||
| 650 | _aCollection of Novel | ||
| 942 |
_2ddc _cBK |
||